“早茶”地点数量≥50的地级行政区 Prefectures with ≥50 morning tea sites - Statistics

General Stats
  • This quiz has been taken 20 times
  • The average score is 5 of 11
Answer Stats
地级行政区 数量 % Correct
广州 178
100%
深圳 101
100%
佛山 132
95%
南宁 75
45%
海口 55
40%
泰州 221
35%
扬州 173
35%
镇江 110
25%
南通 61
25%
银川 104
20%
吴忠 195
15%
No matching quizzes found
Score Distribution
Percent of People with Each Score
Percentile by Number Answered
Your Score History
You have not taken this quiz